000 00277nam a22001337a 4500
008 171031b xxu||||| |||| 00| 0 eng d
020 _a9781400046416
041 _aeng
080 _a33
100 _a59
101 _aBUS
245 _aIT'S ALIVE
_cMEYER,CH
942 _2udc
_cBK
999 _c36889
_d36889